Física para las ciencias de la vida

Saved in:
Bibliografiske detaljer
Hovedforfatter: Cromer, Alan H (Author)
Format: Bog
Sprog:spansk
Udgivet: Barcelona Reverté 1975
Fag:
Tags: Tilføj Tag
Ingen Tags, Vær først til at tagge denne postø!

MARC

LEADER 00000nam a2200000 a 4500
001 UCZ1567
003 CL-VaPUC
008 950824e19750000SP |||||||||||||||||spa|d
082 0 4 |a 530  |b CRO  |2 21 
100 |a Cromer, Alan H  |e author  |9 391380 
245 1 0 |a Física para las ciencias de la vida 
300 |a 541 p 
942 |c BK 
945 |d 19950824 00:00:00  |a awong 
260 |a Barcelona  |b Reverté  |c 1975 
650 0 |a Física   |9 227844 
650 0 |a Mecánica   |9 260096 
650 0 |a Propiedades físicas  |9 342981 
650 0 |a Electricidad  |9 260222 
650 0 |a Magnetismo  |9 260336 
650 0 |a Ondas  |9 260165 
650 0 |a Sonido   |9 261796 
650 0 |a Luz  |9 263172 
650 0 |a Optica   |9 263171 
650 0 |a Átomos  |9 259583 
650 7 |a FISICA NUCLEAR  |2 CL-VaPUC  |9 270366 
583 |a last modification  |c 19950824 00:00:00  |k Rodrigo Vera 
999 |c 238303  |d 238301